000 00508nam a2200169 4500
001 113431
003 ES-MaACL
005 20230906185905.0
007 t|
008 061121s1971 sp r ||||1| spa d
100 1 _aNizan, Paul.
_985788
245 1 4 _aLos materialistas de la antigüedad /
_cPaul Nizan ; traducción de María Reyes Llopart.
260 _aMadrid :
_bFundamentos,
_c1971.
300 _a141 p. ;
_c19 cm.
700 1 _aReyes Llopart, María.
_996587
852 _aES-MaACL
_jC-49094
_bR.80238
999 _c113431
_d113431